LEADER 02103nam 2200505 450 001 9910460737803321 005 20200520144314.0 010 $a1-4438-8554-1 035 $a(CKB)3710000000498470 035 $a(EBL)4534980 035 $a(MiAaPQ)EBC4534980 035 $a(Au-PeEL)EBL4534980 035 $a(CaPaEBR)ebr11215988 035 $a(CaONFJC)MIL845804 035 $a(OCoLC)951223774 035 $a(EXLCZ)993710000000498470 100 $a20160621h20152015 uy 0 101 0 $aeng 135 $aur|n|---||||| 181 $2rdacontent 182 $2rdamedia 183 $2rdacarrier 200 00$aNews as changing texts $ecorpora, methodologies and analysis /$fby Roberta Facchinetti [and three others] 205 $aSecond edition. 210 1$aNewcastle upon Tyne, England :$cCambridge Scholars Publishing,$d2015. 210 4$dİ2015 215 $a1 online resource (250 p.) 300 $aDescription based upon print version of record. 311 $a1-4438-8036-1 320 $aIncludes bibliographical references and indexes. 330 $aThe updated and revised edition of this volume maintains its focus on the dialectic interrelation between 'news' and 'change'. News is intended as a textual type in its evolutionary - and revolutionary - development, while change is discussed with reference to the form, content and structure of news texts. The news texts in question range from the first forms of periodical news in the seventeenth century up to the news blogs and social media of the present day.Divided into four chapters, representing key historical moments in the process of news writing, each chapter makes use of a set of corp 606 $aJournalism$xLanguage 606 $aNewspapers$xLanguage 608 $aElectronic books. 615 0$aJournalism$xLanguage. 615 0$aNewspapers$xLanguage. 676 $a070.4014 702 $aFacchinetti$b Roberta 801 0$bMiAaPQ 801 1$bMiAaPQ 801 2$bMiAaPQ 906 $aBOOK 912 $a9910460737803321 996 $aNews as changing texts$92289688 997 $aUNINA LEADER 02104nam 2200505Ia 450 001 9910782661303321 005 20230721004631.0 010 $a0-7914-7767-3 010 $a1-4356-9546-1 035 $a(CKB)1000000000706020 035 $a(OCoLC)299174304 035 $a(CaPaEBR)ebrary10575902 035 $a(SSID)ssj0000157842 035 $a(PQKBManifestationID)11163988 035 $a(PQKBTitleCode)TC0000157842 035 $a(PQKBWorkID)10139552 035 $a(PQKB)11046326 035 $a(MiAaPQ)EBC3407476 035 $a(Au-PeEL)EBL3407476 035 $a(CaPaEBR)ebr10575902 035 $a(EXLCZ)991000000000706020 100 $a20071221d2008 ub 0 101 0 $aeng 135 $aurcn||||||||| 181 $ctxt 182 $cc 183 $acr 200 10$aFrameworks for Mallarm$b[electronic resource] $ethe photo and the graphic of an interdisciplinary aesthetic /$fGayle Zachmann 210 $aAlbany $cState University of New York Press$dc2008 215 $a1 online resource (226 p.) 300 $aBibliographic Level Mode of Issuance: Monograph 311 $a0-7914-7593-X 320 $aIncludes bibliographical references (p. 189-202) and index. 327 $aFrames of reference I: Une exquise crise, fondamentale -- Frame of reference II: Le futur vers se de?gage -- Frames of consciousness in "Igitur": Devant le papier l'artiste se fait -- Framed works and Mallarme?: the steadfast gaze of a vision restored to its simplest perfection -- Frame Works for Mallarme?: Dans l'oubli ferme? par le cadre se fixe, De scintillations -- Interartistic frameworks: Employez des comparaisons prises a? tous les arts, mais la poe?sie les re?sume -- Coda: exposing change: Quotidian frameworks and developing movements. 606 $aAesthetics, French$y19th century 615 0$aAesthetics, French 676 $a841/.8 700 $aZachmann$b Gayle$f1964-$01561712 801 0$bMiAaPQ 801 1$bMiAaPQ 801 2$bMiAaPQ 906 $aBOOK 912 $a9910782661303321 996 $aFrameworks for Mallarm$93828698 997 $aUNINA